[Event "Suwalki Warakomska Memorial 7th"]
[Site "Suwalki"]
[Date "2023.08.09"]
[Round "3"]
[White "Markowski, Tomasz"]
[Black "Chojnacki, Krzysztof"]
[Result "1-0"]
[WhiteElo "2518"]
[BlackElo "2327"]
[PlyCount "71"]
[EventDate "2023.08.07"]
[EventType "swiss"]
[EventRounds "9"]
[EventCountry "POL"]
[SourceTitle "CBM 215 Extra"]
[Source "ChessBase"]
[SourceDate "2023.09.30"]
[SourceVersion "1"]
[SourceVersionDate "2023.09.30"]
[SourceQuality "1"]

1. Nf3 d5 2. g3 Nf6 3. Bg2 c6 4. c4 Bg4 5. Ne5 Be6 6. cxd5 Bxd5 7. Nf3 c5 8. Nc3 Bc6 9. 0-0 e6 10. Qc2 Be7 11. e4 0-0 12. Rd1 Qa5 13. d4 Rd8 14. h3 Na6 15. Be3 b5 16. a3 Rac8 17. dxc5 Rxd1+ 18. Qxd1 Nxe4 19. Nxe4 Bxe4 20. b4 Qc7 21. Nd4 Bxg2 22. Kxg2 Bf6 23. Qf3 Nb8 24. Nxb5 Qd7 25. c6 Nxc6 26. Rd1 Qe7 27. Bc5 Qb7 28. Nd6 Qc7 29. Nxc8 Qxc8 30. Be3 Ne5 31. Qe4 h5 32. Bxa7 Qa6 33. Bd4 Qc4 34. Qa8+ Kh7 35. Bxe5 Bxe5 36. Qf3 1-0

[Event "Suwalki Warakomska Memorial 7th"]
[Site "Suwalki"]
[Date "2023.08.08"]
[Round "2"]
[White "Kutowski, Marcel"]
[Black "Markowski, Tomasz"]
[Result "0-1"]
[WhiteElo "2114"]
[BlackElo "2518"]
[PlyCount "102"]
[EventDate "2023.08.07"]
[EventType "swiss"]
[EventRounds "9"]
[EventCountry "POL"]
[SourceTitle "CBM 215 Extra"]
[Source "ChessBase"]
[SourceDate "2023.09.30"]
[SourceVersion "1"]
[SourceVersionDate "2023.09.30"]
[SourceQuality "1"]

1. e4 c5 2. Nf3 d6 3. d4 cxd4 4. Nxd4 Nf6 5. Nc3 a6 6. Be2 e5 7. Nb3 Be7 8. Be3 Be6 9. Nd5 Nbd7 10. Qd3 Bxd5 11. exd5 Rc8 12. c4 0-0 13. 0-0 a5 14. Rac1 b6 15. Rfd1 Ra8 16. f4 Re8 17. Rf1 a4 18. Nd2 Nc5 19. Bxc5 bxc5 20. fxe5 dxe5 21. Qf5 Rb8 22. Rc2 Rb6 23. Bd3 Qb8 24. Ne4 g6 25. Qf3 Rf8 26. d6 Rxd6 27. Nxd6 Qxd6 28. Re2 Bd8 29. Kh1 Kg7 30. Be4 Bc7 31. Rd2 Qe7 32. g3 h5 33. Bc6 h4 34. Bxa4 e4 35. Re2 hxg3 36. hxg3 Be5 37. Rxe4 Nxe4 38. Qxe4 Qg5 39. Rf3 Bxg3 40. Kg2 Be5+ 41. Kf1 Qc1+ 42. Qe1 Qxb2 43. Qe2 Qc1+ 44. Kg2 Qg5+ 45. Kf1 Bd4 46. Ke1 Rh8 47. Kd1 Bf6 48. Kc2 Qg1 49. Rf2 Qa1 50. Bb3 Qb2+ 51. Kd1 Rh1+ 0-1

[Event "POL-chT 1st League"]
[Site "Sypniewo"]
[Date "2022.09.09"]
[Round "7.2"]
[White "Tomaszewski, Kacper"]
[Black "Markowski, Tomasz"]
[Result "0-1"]
[WhiteElo "2327"]
[BlackElo "2517"]
[PlyCount "150"]
[EventDate "2022.09.03"]
[EventType "team-swiss"]
[EventRounds "9"]
[EventCountry "POL"]
[SourceTitle "CBM 210 Extra"]
[Source "ChessBase"]
[SourceDate "2022.11.30"]
[SourceVersion "1"]
[SourceVersionDate "2022.11.30"]
[SourceQuality "1"]
[WhiteTeam "Rybnik"]
[BlackTeam "Raciborz Silesia"]
[WhiteTeamCountry "POL"]
[BlackTeamCountry "POL"]

1. d4 d6 2. Nf3 Nf6 3. Nbd2 g6 4. e4 Bg7 5. Bb5+ c6 6. Bd3 0-0 7. 0-0 c5 8. c3 cxd4 9. cxd4 Nc6 10. Re1 Bd7 11. a3 Nh5 12. d5 Ne5 13. Nxe5 Bxe5 14. Nc4 Bg7 15. a4 Nf6 16. h3 Qc7 17. Qb3 Rfc8 18. Bd2 b6 19. Na3 Qb7 20. a5 Be8 21. a6 Qb8 22. Bb5 Nd7 23. Bxd7 Bxd7 24. Rec1 Rc5 25. Be3 Ra5 26. Nc4 Rb5 27. Qd3 Qd8 28. Bd4 Bxd4 29. Qxd4 Rc8 30. Rc3 Rb4 31. Qd3 Bb5 32. Rac1 Rc5 33. e5 Bxa6 34. exd6 exd6 35. b3 Qg5 36. Ra1 Rxd5 37. Qe4 Bxc4 38. bxc4 Ra5 39. Rd1 Qe5 40. Qa8+ Kg7 41. Re3 Ra1 42. Rxe5 Rxd1+ 43. Kh2 dxe5 44. Qe4 Rd7 45. Qxe5+ f6 46. Qc3 Rb1 47. g4 Rbd1 48. g5 R1d4 49. c5 bxc5 50. Qxc5 fxg5 51. Qxg5 R4d5 52. Qe3 Rf5 53. Qc3+ Rf6 54. h4 h5 55. f4 Rd5 56. Qa1 a5 57. Kg3 Rdf5 58. Qa4 Rxf4 59. Qxa5 Rg4+ 60. Kh3 Rf3+ 61. Kh2 Rxh4+ 62. Kg2 Rhf4 63. Qc7+ Rf7 64. Qe5+ Kh7 65. Kh2 Rf2+ 66. Kg1 R2f5 67. Qd6 g5 68. Qd3 g4 69. Qe4 Kh6 70. Qe3+ Kg6 71. Qe6+ Kg5 72. Qe3+ Kh4 73. Qe1+ Rf2 74. Kh1 Kh3 75. Qf1+ Rxf1# 0-1

[Event "POL-chT 1st League"]
[Site "Sypniewo"]
[Date "2022.09.08"]
[Round "6.2"]
[White "Markowski, Tomasz"]
[Black "Kacprzak, Kacper"]
[Result "1-0"]
[WhiteElo "2517"]
[BlackElo "2249"]
[PlyCount "114"]
[EventDate "2022.09.03"]
[EventType "team-swiss"]
[EventRounds "9"]
[EventCountry "POL"]
[SourceTitle "CBM 210 Extra"]
[Source "ChessBase"]
[SourceDate "2022.11.30"]
[SourceVersion "1"]
[SourceVersionDate "2022.11.30"]
[SourceQuality "1"]
[WhiteTeam "Raciborz Silesia"]
[BlackTeam "Opole Rodlo"]
[WhiteTeamCountry "POL"]
[BlackTeamCountry "POL"]

1. d4 Nf6 2. Nf3 d5 3. c4 e6 4. e3 Be7 5. b3 0-0 6. Bd3 c5 7. 0-0 Nc6 8. Bb2 cxd4 9. exd4 b6 10. Nbd2 Bb7 11. Rc1 Rc8 12. Qe2 Bd6 13. Rfd1 Ne7 14. Ne5 Ng6 15. Nxg6 hxg6 16. Nf3 Qe7 17. Rc2 Rfd8 18. Bc1 dxc4 19. bxc4 Nd7 20. Be4 Nf6 21. Bxb7 Qxb7 22. Bg5 Be7 23. h3 Rc7 24. Re1 Bb4 25. Rb1 Be7 26. Bf4 Bd6 27. Bg5 Be7 28. Rb3 Qc8 29. Rbb2 Qa8 30. a4 Qc6 31. Ra2 Qe4 32. Be3 Rdc8 33. a5 b5 34. Ng5 Qb7 35. a6 Qb6 36. d5 Bc5 37. dxe6 fxe6 38. Bxc5 Rxc5 39. cxb5 Rxc2 40. Rxc2 Rxc2 41. Qxc2 Qxb5 42. Qxg6 Qxa6 43. Qf7+ Kh8 44. Nxe6 Qa1+ 45. Kh2 Ng8 46. Qh5+ Nh6 47. Qe8+ Ng8 48. Ng5 Qf6 49. Ne4 Qe7 50. Qh5+ Nh6 51. Qd5 Qc7+ 52. g3 Nf7 53. Kg2 a5 54. h4 Ne5 55. Qa8+ Kh7 56. Ng5+ Kh6 57. Qh8+ Kg6 1-0

[Event "POL-chT 1st League"]
[Site "Sypniewo"]
[Date "2022.09.07"]
[Round "5.1"]
[White "Maksimenko, Andrei"]
[Black "Markowski, Tomasz"]
[Result "1/2-1/2"]
[WhiteElo "2424"]
[BlackElo "2517"]
[PlyCount "22"]
[EventDate "2022.09.03"]
[EventType "team-swiss"]
[EventRounds "9"]
[EventCountry "POL"]
[SourceTitle "CBM 210 Extra"]
[Source "ChessBase"]
[SourceDate "2022.11.30"]
[SourceVersion "1"]
[SourceVersionDate "2022.11.30"]
[SourceQuality "1"]
[WhiteTeam "Dabrowa Gornicza Zaglebie"]
[BlackTeam "Raciborz Silesia"]
[WhiteTeamCountry "POL"]
[BlackTeamCountry "POL"]

1. d4 Nf6 2. c4 g6 3. Nc3 Bg7 4. Nf3 0-0 5. Bf4 d6 6. h3 Nbd7 7. e3 b6 8. Be2 Bb7 9. d5 e5 10. Bg5 h6 11. Bh4 a5 1/2-1/2

[Event "Suwalki Warakomska Memorial 6th"]
[Site "Suwalki"]
[Date "2022.08.10"]
[Round "9"]
[White "Markowski, Tomasz"]
[Black "Kowalski, Igor"]
[Result "1/2-1/2"]
[WhiteElo "2531"]
[BlackElo "2319"]
[PlyCount "116"]
[EventDate "2022.08.03"]
[EventType "swiss"]
[EventRounds "9"]
[EventCountry "POL"]
[SourceTitle "CBM 209 Extra"]
[Source "ChessBase"]
[SourceDate "2022.09.30"]
[SourceVersion "1"]
[SourceVersionDate "2022.09.30"]
[SourceQuality "1"]

1. g3 d5 2. Nf3 g6 3. c4 c6 4. Qa4 dxc4 5. Qxc4 Nf6 6. Bg2 Bg7 7. 0-0 0-0 8. d3 Nbd7 9. Nc3 Nb6 10. Qh4 Nbd5 11. Bh6 Nxc3 12. bxc3 Bg4 13. Rfb1 Bxf3 14. Bxf3 Qc7 15. a4 b6 16. c4 Bxh6 17. Qxh6 e5 18. c5 bxc5 19. Rc1 Nd7 20. Rc4 f5 21. Rh4 Rf7 22. Rb1 Nf8 23. a5 Rd8 24. a6 Qd6 25. Qc1 Ne6 26. Rc4 Rdf8 27. Qd1 Nd4 28. Bg2 f4 29. e3 fxe3 30. fxe3 Nf3+ 31. Kh1 Ng5 32. Rbc1 Ne6 33. Kg1 Rb8 34. Qg4 Rb2 35. Be4 Rff2 36. h4 Kg7 37. Rf1 Rxf1+ 38. Kxf1 Qf8+ 39. Bf3 Ra2 40. Kg1 Qb8 41. Bg2 Qb2 42. Qe4 Kf6 43. Kh2 Rxa6 44. d4 cxd4 45. Rc2 Qb8 46. Rf2+ Kg7 47. exd4 Nxd4 48. h5 Qd6 49. h6+ Kxh6 50. Rf7 Nf5 51. g4 Qe6 52. Rb7 Ne7 53. Qe3+ g5 54. Qh3+ Kg7 55. Qh5 Ra2 56. Qe8 Rxg2+ 57. Kxg2 Qxg4+ 58. Kf2 Qd4+ 1/2-1/2

[Event "Suwalki Warakomska Memorial 6th"]
[Site "Suwalki"]
[Date "2022.08.09"]
[Round "8"]
[White "Nowak, Lukasz1111"]
[Black "Markowski, Tomasz"]
[Result "0-1"]
[WhiteElo "2307"]
[BlackElo "2531"]
[PlyCount "82"]
[EventDate "2022.08.03"]
[EventType "swiss"]
[EventRounds "9"]
[EventCountry "POL"]
[SourceTitle "CBM 209 Extra"]
[Source "ChessBase"]
[SourceDate "2022.09.30"]
[SourceVersion "1"]
[SourceVersionDate "2022.09.30"]
[SourceQuality "1"]

1. c4 e5 2. g3 d6 3. Bg2 g6 4. Nc3 Bg7 5. e4 c5 6. Nge2 Nc6 7. d3 Nge7 8. a3 a6 9. Rb1 Rb8 10. b4 cxb4 11. axb4 b5 12. cxb5 axb5 13. 0-0 0-0 14. Qb3 Bg4 15. h3 Be6 16. Nd5 Qd7 17. Kh2 Bxd5 18. exd5 Na7 19. Be3 Nac8 20. Rbc1 Nf5 21. Bd2 Nce7 22. Rc2 Bh6 23. Bxh6 Nxh6 24. d4 Nhf5 25. dxe5 dxe5 26. Rfc1 Nd6 27. Rc7 Qd8 28. R1c5 Nef5 29. Qa2 Re8 30. Nc3 e4 31. Ne2 Qf6 32. Qa3 e3 33. f4 Nc4 34. Qc1 Nfd6 35. Ra7 Ra8 36. Rcc7 h5 37. h4 Qf5 38. Qd1 Rxa7 39. Rxa7 Ne4 40. Bxe4 Qxe4 41. Rc7 Qf3 0-1

[Event "Suwalki Warakomska Memorial 6th"]
[Site "Suwalki"]
[Date "2022.08.06"]
[Round "5"]
[White "Markowski, Tomasz"]
[Black "Czernek, Tymon"]
[Result "1/2-1/2"]
[WhiteElo "2531"]
[BlackElo "2268"]
[PlyCount "144"]
[EventDate "2022.08.03"]
[EventType "swiss"]
[EventRounds "9"]
[EventCountry "POL"]
[SourceTitle "CBM 209 Extra"]
[Source "ChessBase"]
[SourceDate "2022.09.30"]
[SourceVersion "1"]
[SourceVersionDate "2022.09.30"]
[SourceQuality "1"]

1. c4 Nf6 2. d4 g6 3. g3 d5 4. cxd5 Nxd5 5. Bg2 Bg7 6. Nc3 Nxc3 7. bxc3 0-0 8. Nf3 c5 9. 0-0 cxd4 10. Nxd4 Qc7 11. Qb3 Nc6 12. Rd1 Rd8 13. Bf4 e5 14. Nxc6 Rxd1+ 15. Rxd1 Be6 16. Ne7+ Qxe7 17. Qxb7 Rd8 18. Rd2 exf4 19. Qxe7 Rxd2 20. Qe8+ Bf8 21. Bf3 Rxa2 22. Kg2 fxg3 23. hxg3 a5 24. Qb5 a4 25. Bd5 Bxd5+ 26. Qxd5 Rb2 27. e4 a3 28. e5 a2 29. Qa5 Bc5 30. Qd8+ Bf8 31. Qa5 h5 32. g4 hxg4 33. Kg3 Bg7 34. Qa8+ Kh7 35. Qh1+ Bh6 36. Qa8 Rc2 37. c4 Bc1 38. Kxg4 Rxc4+ 39. f4 Rxf4+ 40. Kg3 Bb2 41. Qxa2 Bxe5 42. Kg2 Kh6 43. Qd5 f6 44. Qd7 Rd4 45. Qh3+ Kg7 46. Qc8 Rd3 47. Qb7+ Kh6 48. Qe4 Rc3 49. Qh4+ Kg7 50. Qe4 Rg3+ 51. Kf1 Rh3 52. Qa8 Rh2 53. Qf3 Kh6 54. Qe3+ Kh5 55. Qf3+ Kg5 56. Qd5 Kh6 57. Qe4 g5 58. Qf5 Rh4 59. Kg2 g4 60. Qc8 Rh2+ 61. Kg1 g3 62. Qh8+ Kg5 63. Qg8+ Kf4 64. Qc4+ Ke3 65. Qb3+ Ke4 66. Qb1+ Kf4 67. Qc1+ Kg4 68. Qc4+ Bf4 69. Qg8+ Bg5 70. Qc4+ Kf3 71. Qd5+ Ke2 72. Qc4+ Kf3 1/2-1/2

[Event "Warsaw Maciei Memorial"]
[Site "Warsaw"]
[Date "2022.07.08"]
[Round "9"]
[White "Markowski, Tomasz"]
[Black "Kowalski, Igor"]
[Result "0-1"]
[WhiteElo "2531"]
[BlackElo "2371"]
[PlyCount "116"]
[EventDate "2022.07.08"]
[EventType "swiss (blitz)"]
[EventRounds "11"]
[EventCountry "POL"]
[SourceTitle "CBM 209 Extra"]
[Source "ChessBase"]
[SourceDate "2022.09.30"]
[SourceVersion "1"]
[SourceVersionDate "2022.09.30"]
[SourceQuality "1"]

1. d4 d5 2. Nf3 Nf6 3. c4 c6 4. cxd5 cxd5 5. Nc3 Nc6 6. Bf4 a6 7. Rc1 Bf5 8. e3 Rc8 9. Be2 h6 10. 0-0 Ne4 11. Nxe4 Bxe4 12. Nd2 Bf5 13. Nb3 e6 14. Nc5 Bxc5 15. dxc5 e5 16. Bg3 0-0 17. a3 Qd7 18. b4 Rfd8 19. Qb3 d4 20. Bc4 d3 21. Rfd1 e4 22. Rd2 Bg6 23. Rf1 Qe7 24. f3 Kh7 25. Bd6 Qg5 26. Bf4 Qe7 27. fxe4 Qxe4 28. Qc3 f6 29. h3 Rd7 30. Kh2 Rcd8 31. Re1 Ne5 32. Bb3 Bf5 33. Rf1 Bg6 34. Ba2 Nc6 35. Bb1 Ne5 36. Ba2 Nc6 37. Rff2 Re8 38. Bb1 Red8 39. Ba2 Re8 40. Rf1 Red8 41. Rfd1 Ne5 42. Rf1 Nc6 43. Rb1 Bf7 44. Bxf7 Rxf7 45. a4 Ne5 46. Bxe5 Qxe5+ 47. Qxe5 fxe5 48. b5 e4 49. Rb4 Re7 50. Kg3 Rd5 51. Rc4 g5 52. Kg4 axb5 53. axb5 Kg6 54. Kg3 Kf5 55. h4 Rc7 56. Rf2+ Ke5 57. c6 bxc6 58. bxc6 d2 0-1

[Event "PGNiG POL Cup"]
[Site "Elblag"]
[Date "2022.04.09"]
[Round "2"]
[White "Markowski, Tomasz"]
[Black "Krasiewicz, Robert"]
[Result "1-0"]
[WhiteElo "2531"]
[BlackElo "1999"]
[PlyCount "109"]
[EventDate "2022.04.09"]
[EventType "swiss (rapid)"]
[EventRounds "9"]
[EventCountry "POL"]
[SourceTitle "CBM 207 Extra"]
[Source "ChessBase"]
[SourceDate "2022.05.31"]
[SourceVersion "1"]
[SourceVersionDate "2022.05.31"]
[SourceQuality "1"]

1. c4 e5 2. e3 g6 3. Nc3 Bg7 4. g3 Ne7 5. Bg2 0-0 6. Nge2 Nbc6 7. 0-0 d6 8. d3 Be6 9. Nd5 Qd7 10. e4 Nd8 11. Bg5 f6 12. Be3 c6 13. Ndc3 f5 14. Qd2 Nf7 15. Rad1 h6 16. b3 g5 17. exf5 Nxf5 18. d4 Nxe3 19. fxe3 Bg4 20. d5 c5 21. Qd3 Nh8 22. Ne4 Rxf1+ 23. Rxf1 Rf8 24. N2c3 a6 25. h3 Bf5 26. Qe2 Bg6 27. Rxf8+ Kxf8 28. Bf3 Ke7 29. Bg4 Bf5 30. Bxf5 Qxf5 31. g4 Qf7 32. Ng3 Ng6 33. Nf5+ Kd7 34. Ne4 Bf8 35. a3 Nh4 36. Nxh4 gxh4 37. Kg2 Be7 38. Qf3 Qxf3+ 39. Kxf3 b5 40. Nd2 Bd8 41. Ke4 Ke8 42. Kf5 Bg5 43. Ne4 Bxe3 44. Nxd6+ Kd7 45. Nf7 Bc1 46. Nxe5+ Kd6 47. a4 bxa4 48. bxa4 Bd2 49. Nf3 Bc3 50. Nxh4 Kc7 51. Ke6 Bd2 52. Nf3 Bf4 53. h4 Kb6 54. g5 hxg5 55. hxg5 1-0

[Event "PGNiG POL Cup"]
[Site "Elblag"]
[Date "2022.04.09"]
[Round "5"]
[White "Psyk, Radoslaw"]
[Black "Markowski, Tomasz"]
[Result "0-1"]
[WhiteElo "2411"]
[BlackElo "2531"]
[PlyCount "226"]
[EventDate "2022.04.09"]
[EventType "swiss (rapid)"]
[EventRounds "9"]
[EventCountry "POL"]
[SourceTitle "CBM 207 Extra"]
[Source "ChessBase"]
[SourceDate "2022.05.31"]
[SourceVersion "1"]
[SourceVersionDate "2022.05.31"]
[SourceQuality "1"]

1. e4 c5 2. Be2 Nc6 3. f4 g6 4. Nf3 Bg7 5. 0-0 d6 6. d3 Nf6 7. c3 0-0 8. Kh1 c4 9. Be3 cxd3 10. Bxd3 e5 11. fxe5 dxe5 12. Qe2 Nh5 13. Bc4 Qe7 14. Qf2 b6 15. Nbd2 Be6 16. Bb5 Na5 17. b4 Nb7 18. Ng5 Rac8 19. c4 Nf4 20. Bxf4 exf4 21. Nxe6 fxe6 22. Rab1 Rcd8 23. Nf3 Nd6 24. Qe2 Nf7 25. e5 Ng5 26. Bc6 Nxf3 27. Bxf3 Rf5 28. c5 Rxe5 29. Qa6 bxc5 30. bxc5 Qxc5 31. Rb7 Qa5 32. Qxa7 Qxa7 33. Rxa7 Re3 34. h4 Bd4 35. Rb7 e5 36. Bd1 Kh8 37. Bb3 Rc3 38. Kh2 Rf8 39. Bd5 Rc2 40. h5 Rb2 41. Re7 Rf5 42. Kh3 Rxh5+ 43. Kg4 Rb8 44. Be4 Rd8 45. a4 Bc3 46. Rc1 Bb4 47. Rb7 Bd2 48. Rd1 f3 49. Bxf3 Rg5+ 50. Kh3 Rf5 51. Rb2 Ba5 52. Rxd8+ Bxd8 53. Rb8 Rf8 54. a5 Be7 55. Rb7 Bc5 56. a6 Bd4 57. Be4 Rf4 58. Bd5 Bf2 59. g3 Ra4 60. Rb2 Bd4 61. Rb8+ Kg7 62. Bb7 Ra3 63. Kg2 Kf6 64. Rf8+ Kg5 65. Rf7 h5 66. Re7 Kf6 67. Rc7 Ra2+ 68. Kf3 Ra3+ 69. Kg2 Kg5 70. Re7 Ra2+ 71. Kf3 Rf2+ 72. Ke4 Re2+ 73. Kf3 Re3+ 74. Kg2 Rc3 75. Re6 Kf5 76. Re8 Rc2+ 77. Kh3 Ra2 78. Rf8+ Kg5 79. Rf1 Ra3 80. Rf3 Ra1 81. Rb3 Ra2 82. Rb1 Ra3 83. Kg2 Rc3 84. Be4 Kg4 85. Bxg6 Rxg3+ 86. Kh2 Ra3 87. Be4 Ra2+ 88. Kh1 Rxa6 89. Rb8 Ra1+ 90. Kg2 Ra2+ 91. Kh1 Re2 92. Bd5 Rd2 93. Rg8+ Kh4 94. Be4 Rd1+ 95. Kh2 Be3 96. Rh8 Rd2+ 97. Kh1 Rd6 98. Bf3 Bh6 99. Rg8 Rf6 100. Kg2 Rd6 101. Be4 Rd4 102. Kf3 Ra4 103. Rh8 Ra3+ 104. Kg2 Kg5 105. Bf3 Ra2+ 106. Kh3 Ra3 107. Kg2 h4 108. Rg8+ Kf5 109. Bc6 e4 110. Bd7+ Ke5 111. Re8+ Kd4 112. Bf5 Rg3+ 113. Kf1 Rf3+ 0-1

[Event "PGNiG POL Cup"]
[Site "Elblag"]
[Date "2022.04.09"]
[Round "1"]
[White "Wieckowski, Michal"]
[Black "Markowski, Tomasz"]
[Result "0-1"]
[WhiteElo "1651"]
[BlackElo "2531"]
[PlyCount "74"]
[EventDate "2022.04.09"]
[EventType "swiss (rapid)"]
[EventRounds "9"]
[EventCountry "POL"]
[SourceTitle "CBM 207 Extra"]
[Source "ChessBase"]
[SourceDate "2022.05.31"]
[SourceVersion "1"]
[SourceVersionDate "2022.05.31"]
[SourceQuality "1"]

1. b3 b6 2. Bb2 Bb7 3. e3 e6 4. Nf3 Nf6 5. Be2 Be7 6. 0-0 0-0 7. c4 d6 8. Nc3 Nbd7 9. Qc2 c5 10. Rad1 a6 11. d4 Re8 12. Ng5 h6 13. Nge4 Qc7 14. Bf3 cxd4 15. exd4 d5 16. Nxf6+ Nxf6 17. cxd5 Bxd5 18. Qe2 Bd6 19. h3 Bxf3 20. Qxf3 Rac8 21. Rc1 Qd7 22. Rfd1 Nd5 23. Nxd5 exd5 24. Rxc8 Rxc8 25. Rc1 Re8 26. Qd3 b5 27. Bc3 Re4 28. Bd2 Qf5 29. Be3 Qe6 30. Qc2 Qg6 31. Qc8+ Kh7 32. Kh1 f5 33. Qxa6 f4 34. Bd2 f3 35. g4 Rxg4 36. hxg4 Qxg4 37. Qxd6 Qg2# 0-1

[Event "CZE-chT 2122"]
[Site "Czech Republic"]
[Date "2021.10.17"]
[Round "2.3"]
[White "Markowski, Tomasz"]
[Black "Vykouk, Jan"]
[Result "0-1"]
[WhiteElo "2548"]
[BlackElo "2462"]
[PlyCount "78"]
[EventDate "2021.10.15"]
[EventType "team-tourn"]
[EventRounds "15"]
[EventCountry "CZE"]
[SourceTitle "CBM 204 Extra"]
[Source "ChessBase"]
[SourceDate "2021.11.30"]
[SourceVersion "1"]
[SourceVersionDate "2021.11.30"]
[SourceQuality "1"]
[WhiteTeam "Poruba Slavoj"]
[BlackTeam "Turnov Zikuda"]
[WhiteTeamCountry "CZE"]
[BlackTeamCountry "CZE"]

1. c4 Nf6 2. g3 g6 3. Bg2 Bg7 4. Nc3 c6 5. e4 e5 6. Nge2 0-0 7. 0-0 a6 8. d3 b5 9. Be3 d6 10. h3 Be6 11. b3 Nfd7 12. a3 Re8 13. Qc2 Nb6 14. f4 f6 15. Rf2 N8d7 16. Raf1 Rc8 17. Qd1 Kh8 18. g4 Bh6 19. Bc1 Bg8 20. h4 exf4 21. Nxf4 Bg7 22. h5 g5 23. Nfe2 bxc4 24. dxc4 Ne5 25. h6 Bxh6 26. Rxf6 Re6 27. R6f5 Rg6 28. Ng3 Nbd7 29. Be3 Be6 30. Nh5 Qe7 31. R1f2 Bg7 32. Bd4 c5 33. Nxg7 Qxg7 34. Be3 Nxg4 35. Qxg4 Qxc3 36. Qg3 Bxf5 37. exf5 Rf6 38. Bd5 Re8 39. Re2 Qd3 0-1

[Event "POL-chT Ekstraliga"]
[Site "Legnica"]
[Date "2021.10.07"]
[Round "6.3"]
[White "Markowski, Tomasz"]
[Black "Miton, Kamil"]
[Result "1/2-1/2"]
[WhiteElo "2548"]
[BlackElo "2579"]
[PlyCount "45"]
[EventDate "2021.10.02"]
[EventType "team-tourn"]
[EventRounds "9"]
[EventCountry "POL"]
[SourceTitle "CBM 204 Extra"]
[Source "ChessBase"]
[SourceDate "2021.11.30"]
[SourceVersion "1"]
[SourceVersionDate "2021.11.30"]
[SourceQuality "1"]
[WhiteTeam "Raciborz Silesia"]
[BlackTeam "Katowice Wasko"]
[WhiteTeamCountry "POL"]
[BlackTeamCountry "POL"]

1. d4 Nf6 2. c4 e6 3. Nf3 d5 4. e3 a6 5. b3 b6 6. Bd3 Bb7 7. 0-0 Nbd7 8. cxd5 exd5 9. Ba3 Bxa3 10. Nxa3 Qe7 11. Nb1 0-0 12. Nc3 g6 13. Rc1 c5 14. Qe2 Rfc8 15. Rc2 Nf8 16. Rfc1 Ne6 17. Nb1 cxd4 18. exd4 Rxc2 19. Rxc2 Qd6 20. Nbd2 a5 21. Qe5 Qxe5 22. Nxe5 Rc8 23. Rxc8+ 1/2-1/2

[Event "POL-chT Ekstraliga"]
[Site "Legnica"]
[Date "2021.10.05"]
[Round "4.2"]
[White "Kollars, Dmitrij"]
[Black "Markowski, Tomasz"]
[Result "1/2-1/2"]
[WhiteElo "2621"]
[BlackElo "2548"]
[PlyCount "80"]
[EventDate "2021.10.02"]
[EventType "team-tourn"]
[EventRounds "9"]
[EventCountry "POL"]
[SourceTitle "CBM 204 Extra"]
[Source "ChessBase"]
[SourceDate "2021.11.30"]
[SourceVersion "1"]
[SourceVersionDate "2021.11.30"]
[SourceQuality "1"]
[WhiteTeam "Bydgoszcz Energia Gwiazda"]
[BlackTeam "Raciborz Silesia"]
[WhiteTeamCountry "POL"]
[BlackTeamCountry "POL"]

1. e4 c5 2. Nf3 Nc6 3. Bb5 g6 4. 0-0 Bg7 5. c3 Nf6 6. Re1 0-0 7. d4 d5 8. e5 Ne4 9. Bxc6 bxc6 10. Be3 Rb8 11. Qc1 Qb6 12. b3 cxd4 13. cxd4 Qa5 14. Nfd2 c5 15. Nxe4 dxe4 16. Bd2 Qc7 17. Bf4 Be6 18. Nd2 Rfc8 19. dxc5 e3 20. Rxe3 Qxc5 21. Qe1 Qb4 22. Re4 Qb7 23. Rd4 Rd8 24. Qe3 Rxd4 25. Qxd4 Bd5 26. f3 Rc8 27. Rd1 e6 28. Ne4 Qa6 29. Nc3 Bb7 30. h4 Bf8 31. Kh2 Qa5 32. Na4 Be7 33. Qd7 Rc7 34. Qe8+ Bf8 35. Rd8 Qb4 36. Kh3 Bc6 37. Bd2 Qa3 38. Bc1 Qb4 39. Bd2 Qa3 40. Bc1 Qb4 1/2-1/2

[Event "Titled Tuesday intern op 16th Feb"]
[Site "Chess.com INT"]
[Date "2021.02.16"]
[Round "2"]
[White "Markowski, Tomasz"]
[Black "Hrabinska, Myroslava"]
[Result "1-0"]
[WhiteElo "2546"]
[BlackElo "2235"]
[PlyCount "65"]
[EventDate "2021.02.16"]
[EventType "swiss (blitz)"]
[EventRounds "11"]
[EventCountry "USA"]
[SourceTitle "EXT 2022"]
[Source "ChessBase"]
[SourceDate "2021.10.06"]
[SourceVersion "1"]
[SourceVersionDate "2021.10.06"]
[SourceQuality "1"]

1. d4 Nf6 2. Nf3 d5 3. c4 e6 4. g3 dxc4 5. Bg2 Nc6 6. Qa4 Bb4+ 7. Bd2 Nd5 8. 0-0 0-0 9. Bxb4 Ndxb4 10. a3 Nd5 11. Qxc4 Nb6 12. Qd3 a5 13. Nc3 a4 14. Rfd1 Na5 15. Ne5 Nb3 16. Rab1 c5 17. dxc5 Qxd3 18. Nxd3 Nd7 19. Ne4 Ra5 20. Nd6 Ndxc5 21. Nb4 b6 22. Nxc8 Rxc8 23. Nc6 Raa8 24. Ne7+ Kf8 25. Nxc8 Rxc8 26. Bf3 Ke7 27. Kg2 e5 28. e3 f6 29. Be2 e4 30. Bb5 Rc7 31. Rd5 g6 32. Rbd1 f5 33. h4 1-0

[Event "Titled Tuesday intern op 09th Feb"]
[Site "Chess.com INT"]
[Date "2021.02.09"]
[Round "7"]
[White "Manukyan, Sargis V"]
[Black "Markowski, Tomasz"]
[Result "1-0"]
[WhiteElo "2253"]
[BlackElo "2546"]
[PlyCount "77"]
[EventDate "2021.02.09"]
[EventType "swiss (blitz)"]
[EventRounds "11"]
[EventCountry "USA"]
[SourceTitle "EXT 2022"]
[Source "ChessBase"]
[SourceDate "2021.10.06"]
[SourceVersion "1"]
[SourceVersionDate "2021.10.06"]
[SourceQuality "1"]

1. b3 c5 2. Bb2 Nf6 3. Nf3 g6 4. e3 Bg7 5. c4 0-0 6. Nc3 d5 7. cxd5 Nxd5 8. Rc1 Nc6 9. Bc4 Ndb4 10. 0-0 Nd3 11. Bxd3 Qxd3 12. Ba1 Bg4 13. h3 Bf5 14. Ne1 Qd7 15. Qe2 Rfd8 16. Rd1 Nb4 17. e4 Be6 18. e5 Nc6 19. f4 Nd4 20. Qf2 Bf5 21. g4 Be6 22. Nf3 Rac8 23. Ne4 Bd5 24. d3 Nxb3 25. axb3 Bxe4 26. e6 fxe6 27. dxe4 Qxd1 28. Bxg7 Qd3 29. Be5 Qxe4 30. Qh4 Qe3+ 31. Rf2 Rd1+ 32. Kg2 Rf8 33. Qxe7 Rf7 34. Qe8+ Rf8 35. Qxe6+ Rf7 36. Ng5 Rg1+ 37. Kxg1 Qg3+ 38. Rg2 Qe1+ 39. Kh2 1-0

[Event "Titled Tuesday intern op 09th Feb"]
[Site "Chess.com INT"]
[Date "2021.02.09"]
[Round "10"]
[White "Markowski, Tomasz"]
[Black "Ingebretsen, Jens E"]
[Result "0-1"]
[WhiteElo "2546"]
[BlackElo "2266"]
[PlyCount "114"]
[EventDate "2021.02.09"]
[EventType "swiss (blitz)"]
[EventRounds "11"]
[EventCountry "USA"]
[SourceTitle "EXT 2022"]
[Source "ChessBase"]
[SourceDate "2021.10.06"]
[SourceVersion "1"]
[SourceVersionDate "2021.10.06"]
[SourceQuality "1"]

1. d4 Nf6 2. Nf3 d5 3. c4 e6 4. g3 dxc4 5. Bg2 Nc6 6. Qa4 Nd7 7. Qxc4 Nb6 8. Qd3 e5 9. Nxe5 Nb4 10. Qc3 Qxd4 11. 0-0 Qxc3 12. Nxc3 Bd6 13. Nf3 c6 14. a3 N4d5 15. Bd2 0-0 16. Rac1 Nf6 17. Bg5 Ng4 18. Nd4 h6 19. Bf4 Bxf4 20. gxf4 Nf6 21. b4 Rd8 22. e3 Bg4 23. h3 Bd7 24. Kh2 Rac8 25. Ne4 Be8 26. Nxf6+ gxf6 27. Be4 Kf8 28. Nf5 h5 29. Rfd1 Bd7 30. Nd6 Rb8 31. Bf3 h4 32. Rd4 f5 33. Rcd1 Ke7 34. Nc4 Nxc4 35. Rxc4 Be6 36. Rcd4 Rxd4 37. Rxd4 Rd8 38. Rxd8 Kxd8 39. Kg2 Kc7 40. Kf1 Kb6 41. Be2 a5 42. Ke1 c5 43. bxc5+ Kxc5 44. Kd2 Bc4 45. Bf3 b5 46. Bg2 Bd5 47. Bf1 b4 48. axb4+ Kxb4 49. Kc2 a4 50. Kb2 a3+ 51. Ka1 Kc3 52. Be2 Kd2 53. Bb5 Ke1 54. Bd7 Be6 55. Bc6 Kxf2 56. e4 fxe4 57. Bxe4 Ke3 0-1